[Event "Maplewood Pro Cup"]
[Site "Montreal CAN"]
[Date "2024.05.31"]
[Round "1.5"]
[White "Wang, Tianqi"]
[Black "Nassif, Aba"]
[Result "1-0"]
[WhiteElo "2334"]
[BlackElo "1929"]
[PlyCount "62"]
[EventDate "2024.05.31"]
[EventType "swiss"]
[EventRounds "6"]
[EventCountry "CAN"]

1. b3 d5 2. Bb2 Nf6 3. e3 e6 4. Nf3 Be7 5. c4 O-O 6. Be2 b6 7. a3 Bb7 8. Nc3
Nbd7 9. Qc2 a6 10. O-O Rc8 11. Rac1 c5 12. Qb1 Rc7 13. cxd5 exd5 14. d4 c4 15.
bxc4 dxc4 16. e4 Qa8 17. d5 b5 18. Nd4 Bc5 19. Nf5 Re8 20. Qc2 Ne5 21. Kh1 Neg4
22. Bxg4 Nxg4 23. Nxg7 Re5 24. Nf5 Bc8 25. h3 Bxf5 26. exf5 Nf6 27. Nxb5 Rce7
28. Bxe5 Rxe5 29. Qxc4 axb5 30. Qxc5 Rxd5 31. Qe3 Rxf5 1-0

[Event "Maplewood Pro Cup"]
[Site "Montreal CAN"]
[Date "2024.05.31"]
[Round "1.6"]
[White "Li, Yilin"]
[Black "Han, Johnathan"]
[Result "0-1"]
[WhiteElo "1919"]
[BlackElo "2329"]
[PlyCount "62"]
[EventDate "2024.05.31"]
[EventType "swiss"]
[EventRounds "6"]
[EventCountry "CAN"]

1. e4 c5 2. Nf3 d6 3. d4 cxd4 4. Nxd4 Nf6 5. Nc3 a6 6. Be2 e5 7. Nb3 Be7 8. O-O
O-O 9. f4 Nc6 10. f5 b5 11. a3 Bb7 12. Bf3 Rc8 13. g4 Nd4 14. Nxd4 exd4 15. Nd5
Bxd5 16. exd5 Nd7 17. Qxd4 Rxc2 18. Kh1 Bf6 19. Qd3 Rc4 20. Rb1 Re8 21. h3 Be5
22. Bg2 Qh4 23. g5 Nc5 24. Qf3 Ne4 25. Kg1 Nxg5 26. Bxg5 Qxg5 27. Rfe1 Rec8 28.
Qd3 Qf4 29. b3 Qh2+ 30. Kf1 Rf4+ 31. Bf3 Bd4 0-1

[Event "Maplewood Pro Cup"]
[Site "Montreal CAN"]
[Date "2024.05.31"]
[Round "1.7"]
[White "Chiku-Ratte, Olivier-Kenta"]
[Black "Mok, Yuen Tak"]
[Result "1-0"]
[WhiteElo "2297"]
[BlackElo "1918"]
[PlyCount "51"]
[EventDate "2024.05.31"]
[EventType "swiss"]
[EventRounds "6"]
[EventCountry "CAN"]

1. d4 d5 2. c4 c6 3. Nf3 Nf6 4. Nc3 e6 5. e3 Nbd7 6. Qc2 Bd6 7. b3 O-O 8. Be2
b6 9. O-O Bb7 10. Bb2 Qe7 11. Rfe1 Rfe8 12. Bd3 e5 13. e4 exd4 14. exd5 Qf8 15.
dxc6 Bxc6 16. Nd5 Nxd5 17. cxd5 Bxd5 18. Bxh7+ Kh8 19. Bf5 Nc5 20. Nxd4 Rxe1+
21. Rxe1 Re8 22. Rxe8 Qxe8 23. Qc3 Be5 24. Qe3 Qb8 25. Nc6 Bxc6 26. Bxe5 1-0

[Event "Maplewood Pro Cup"]
[Site "Montreal CAN"]
[Date "2024.05.31"]
[Round "1.8"]
[White "Singher, Jean-Pierre"]
[Black "Ouellet, Maili-Jade"]
[Result "0-1"]
[WhiteElo "1911"]
[BlackElo "2280"]
[PlyCount "84"]
[EventDate "2024.05.31"]
[EventType "swiss"]
[EventRounds "6"]
[EventCountry "CAN"]

1. d4 d5 2. c4 e6 3. Nf3 Nf6 4. Nc3 Be7 5. e3 O-O 6. Bd3 c5 7. O-O b6 8. Qe2
Bb7 9. Rd1 Nbd7 10. Ne5 Rc8 11. b3 Qc7 12. Bb2 dxc4 13. Bxc4 Rfd8 14. Rac1 Nxe5
15. dxe5 Ne8 16. f4 g6 17. Nb5 Qb8 18. a4 Qa8 19. Ba1 Bd5 20. Nd6 Bxc4 21. Qxc4
Rc7 22. e4 Rcd7 23. Qc3 Bf8 24. f5 exf5 25. exf5 Bg7 26. Qg3 Qc6 27. fxg6 hxg6
28. Re1 Nxd6 29. exd6 Bxa1 30. Rxa1 Rxd6 31. Qg5 Rd5 32. Re5 Rxe5 33. Qxe5 Re8
34. Qg5 Qd6 35. Rc1 Qd4+ 36. Kh1 Qb2 37. h4 Qxb3 38. h5 Qe3 39. Qxe3 Rxe3 40.
hxg6 fxg6 41. a5 Kf7 42. Rb1 Re6 0-1

[Event "Maplewood Pro Cup"]
[Site "Montreal CAN"]
[Date "2024.05.31"]
[Round "1.11"]
[White "Gutierrez, Renzo"]
[Black "Lalonde, Olivier"]
[Result "0-1"]
[WhiteElo "2191"]
[BlackElo "1888"]
[PlyCount "112"]
[EventDate "2024.05.31"]
[EventType "swiss"]
[EventRounds "6"]
[EventCountry "CAN"]

1. e4 c5 2. d3 Nc6 3. g3 d5 4. Nd2 Nf6 5. Bg2 g6 6. f4 Ng4 7. Nf1 dxe4 8. h3
Nf6 9. dxe4 Qxd1+ 10. Kxd1 e5 11. c3 exf4 12. gxf4 Bh6 13. Be3 O-O 14. Ne2 b6
15. Ke1 Bb7 16. Neg3 Nd8 17. Nd2 Re8 18. Rf1 Ne6 19. Rf2 Rad8 20. Kf1 Rd3 21.
Re1 Red8 22. Nb3 Kg7 23. Kg1 a5 24. Nc1 Rd1 25. Rxd1 Rxd1+ 26. Kh2 Kf8 27. Nce2
Ke8 28. Bf3 Rb1 29. Bc1 Ba6 30. Bg2 Ke7 31. b3 Bxe2 32. Nxe2 Rxc1 33. Nxc1
Bxf4+ 34. Kh1 Bxc1 35. Rc2 Bh6 36. b4 axb4 37. cxb4 cxb4 38. Rc4 Bd2 39. Kg1
Be3+ 40. Kf1 Bc5 41. h4 Kd6 42. Ke2 Ke5 43. Bh1 Nd4+ 44. Kd3 Nb5 45. Rc1 Nh5
46. Kc4 Nd6+ 47. Kd3 Nf4+ 48. Kc2 Nxe4 49. Re1 f5 50. Kb3 Nh5 51. Kc4 Nhf6 52.
Kb5 Kf4 53. Kc6 Kg3 54. h5 Nxh5 55. Rxe4 fxe4 56. Bxe4 Nf4 0-1

[Event "Maplewood Pro Cup"]
[Site "Montreal CAN"]
[Date "2024.05.31"]
[Round "1.12"]
[White "Berube, Maximilien"]
[Black "Derraugh, Geordie"]
[Result "0-1"]
[WhiteElo "1875"]
[BlackElo "2177"]
[PlyCount "78"]
[EventDate "2024.05.31"]
[EventType "swiss"]
[EventRounds "6"]
[EventCountry "CAN"]

1. d4 Nf6 2. Nf3 e6 3. g3 b5 4. Bg2 d5 5. O-O Nbd7 6. a4 b4 7. c4 bxc3 8. bxc3
Ba6 9. Re1 Ne4 10. Qc2 Be7 11. Nfd2 f5 12. Nxe4 fxe4 13. Bh3 Kf7 14. f3 Nf6 15.
Bg5 exf3 16. exf3 Bc8 17. c4 Re8 18. Nc3 dxc4 19. Rad1 Bb4 20. Bf1 Bb7 21. Re3
h6 22. Bxf6 Qxf6 23. Ne4 Qe7 24. Bxc4 Bd5 25. Bb5 c6 26. Bf1 Kg8 27. Nc3 Qf6
28. Ne4 Qf7 29. Bd3 Rad8 30. Kg2 e5 31. dxe5 Rxe5 32. Rf1 a5 33. Re2 Bb3 34.
Qb2 Rh5 35. Bc2 Bc4 36. Rc1 Bxe2 37. Bb3 Bxf3+ 38. Kg1 Rhd5 39. Nc3 Bc5+ 0-1

[Event "Maplewood Pro Cup"]
[Site "Montreal CAN"]
[Date "2024.05.31"]
[Round "1.14"]
[White "Di Matteo, Alessio"]
[Black "Abrahams, Daniel"]
[Result "1/2-1/2"]
[WhiteElo "1847"]
[BlackElo "2153"]
[PlyCount "102"]
[EventDate "2024.05.31"]
[EventType "swiss"]
[EventRounds "6"]
[EventCountry "CAN"]

1. d4 Nf6 2. c4 e6 3. Nc3 d5 4. cxd5 exd5 5. Bg5 c6 6. e3 Be7 7. Bd3 Nbd7 8.
Nge2 a5 9. O-O h6 10. Bh4 b5 11. f3 Ba6 12. Rc1 O-O 13. Kh1 Re8 14. Bf2 Nb6 15.
Ng3 Nc4 16. Bxc4 bxc4 17. e4 Rb8 18. e5 Nh7 19. Qd2 Bc8 20. f4 f5 21. Qc2 Rf8
22. Nd1 Qb6 23. Rb1 Be6 24. Ne3 g6 25. Ne2 Kh8 26. g4 c5 27. Rfd1 fxg4 28. Qxg6
Bf5 29. Qxb6 Be4+ 30. Kg1 Rxb6 31. dxc5 Bxc5 32. Nxd5 Bxf2+ 33. Kxf2 Rb7 34.
Rbc1 Rxb2 35. Rxc4 Ng5 36. Ke3 Bf3 37. Ndc3 Ne6 38. Rd6 Ng7 39. Rxh6+ Kg8 40.
Rg6 Kh7 41. Ra6 Nf5+ 42. Kf2 Rc2 43. Rc7+ Kg8 44. Rd7 Rc8 45. Ke1 Nh4 46. Rb6
R8xc3 47. Nxc3 Ng2+ 48. Kf1 Ne3+ 49. Ke1 Ng2+ 50. Kf1 Ne3+ 51. Ke1 Ng2+ 1/2-1/2

[Event "Maplewood Pro Cup"]
[Site "Montreal CAN"]
[Date "2024.05.31"]
[Round "1.15"]
[White "Saha, Ananda"]
[Black "Kiryakov, Marin"]
[Result "1-0"]
[WhiteElo "2122"]
[BlackElo "1828"]
[PlyCount "32"]
[EventDate "2024.05.31"]
[EventType "swiss"]
[EventRounds "6"]
[EventCountry "CAN"]

1. Nf3 c5 2. g3 Nf6 3. Bg2 g6 4. b3 Bg7 5. Bb2 O-O 6. c4 Nc6 7. O-O d6 8. d4
cxd4 9. Nxd4 Nxd4 10. Bxd4 Qc7 11. Nc3 a6 12. Rc1 e6 13. Qd2 Rd8 14. Rfd1 e5
15. Bxe5 Bf5 16. Bxf6 Bxf6 1-0

[Event "Maplewood Pro Cup"]
[Site "Montreal CAN"]
[Date "2024.05.31"]
[Round "1.17"]
[White "Clyde, Jordan"]
[Black "Wang, Rachel"]
[Result "1-0"]
[WhiteElo "2066"]
[BlackElo "1794"]
[PlyCount "59"]
[EventDate "2024.05.31"]
[EventType "swiss"]
[EventRounds "6"]
[EventCountry "CAN"]

1. e4 c5 2. Nc3 Nc6 3. Bb5 g6 4. Bxc6 bxc6 5. d3 Bg7 6. f4 d6 7. Nf3 Nh6 8. O-O
O-O 9. Qe1 f6 10. Kh1 Nf7 11. Be3 e5 12. Qg3 Qd7 13. h3 Nd8 14. Ne2 Ba6 15.
Rfd1 Rb8 16. Rab1 Re8 17. c3 c4 18. fxe5 fxe5 19. d4 exd4 20. Bxd4 Rxe4 21.
Bxg7 Rxe2 22. Be5 Nf7 23. Bxd6 Rbxb2 24. Rxb2 Rxb2 25. Ne5 Nxe5 26. Qxe5 c5 27.
Rf1 Qc8 28. Qd5+ Kg7 29. Rf7+ Kh6 30. Bf4+ 1-0

[Event "Maplewood Pro Cup"]
[Site "Montreal CAN"]
[Date "2024.05.31"]
[Round "1.18"]
[White "Duval, Merlin"]
[Black "Joseph, Jonath"]
[Result "0-1"]
[WhiteElo "1753"]
[BlackElo "2055"]
[PlyCount "59"]
[EventDate "2024.05.31"]
[EventType "swiss"]
[EventRounds "6"]
[EventCountry "CAN"]

1. d4 Nf6 2. Bg5 d5 3. e3 c5 4. Bxf6 exf6 5. dxc5 Bxc5 6. Nf3 Nc6 7. c3 O-O 8.
Bd3 Ne5 9. O-O g6 10. h3 Re8 11. Bb5 Nc6 12. Nbd2 Qb6 13. Qb3 Be6 14. Bd3 Bxe3
15. Bxg6 Bxd2 16. Bxh7+ Kxh7 17. Qc2+ Kg7 18. Qxd2 Rad8 19. Rfe1 d4 20. Re4
dxc3 21. Qxc3 Bf5 22. Rf4 Rd3 23. Qc1 Bg6 24. Rh4 Rh8 25. Rxh8 Kxh8 26. Qh6+
Kg8 27. Rc1 Qd8 28. Rc4 Qf8 29. Qh4 Qd6 30. g3 0-1

[Event "Maplewood Pro Cup"]
[Site "Montreal CAN"]
[Date "2024.05.31"]
[Round "1.19"]
[White "Lin, Leo"]
[Black "Dudko, Andrii"]
[Result "0-1"]
[WhiteElo "2011"]
[BlackElo "1727"]
[PlyCount "68"]
[EventDate "2024.05.31"]
[EventType "swiss"]
[EventRounds "6"]
[EventCountry "CAN"]

1. e4 c5 2. Nc3 Nc6 3. Bb5 g6 4. Bxc6 dxc6 5. d3 Bg7 6. f4 Nf6 7. Nf3 O-O 8.
O-O Qc7 9. Kh1 Rd8 10. Qe2 b6 11. Nh4 e5 12. f5 b5 13. Bg5 Qd6 14. Qf2 Rf8 15.
h3 Ba6 16. Be3 Nd7 17. a3 Bb7 18. a4 b4 19. Nb1 b3 20. cxb3 Ba6 21. Na3 Bxd3
22. Rfd1 Nf6 23. Nc4 Qd8 24. Qe1 Nxe4 25. Ra3 Qd5 26. Nf3 Rfd8 27. fxg6 fxg6
28. Qh4 Bf6 29. Qg4 Nd6 30. Ncxe5 Bxe5 31. Nxe5 Qxe5 32. Rxd3 Nf5 33. Qc4+ Kg7
34. Bf4 Qxb2 0-1

[Event "Maplewood Pro Cup"]
[Site "Montreal CAN"]
[Date "2024.05.31"]
[Round "1.20"]
[White "Jutras, Arnaud"]
[Black "Guillemette, Hugo"]
[Result "0-1"]
[WhiteElo "1684"]
[BlackElo "2002"]
[PlyCount "118"]
[EventDate "2024.05.31"]
[EventType "swiss"]
[EventRounds "6"]
[EventCountry "CAN"]

1. c4 e6 2. g3 c5 3. Bg2 Nf6 4. Nf3 Nc6 5. O-O Be7 6. Nc3 O-O 7. b3 a6 8. Bb2
Qc7 9. d4 cxd4 10. Nxd4 d6 11. Rc1 Ne5 12. Qd2 Bd7 13. Rfd1 Rfd8 14. e4 Rac8
15. f4 Ng6 16. h3 Qb8 17. Qe2 Bf8 18. Kh2 Re8 19. Nf3 Bc6 20. Nd4 Bd7 21. Nf3
Red8 22. e5 dxe5 23. Nxe5 Be8 24. Nxg6 hxg6 25. Ne4 Nxe4 26. Qxe4 Bc6 27. Qe2
Qc7 28. Be5 Qb6 29. Bxc6 Qxc6 30. Qg2 Qb6 31. Qe2 Ba3 32. Bb2 Bxb2 33. Qxb2 Qe3
34. Kg2 b5 35. Qf2 Qe4+ 36. Qf3 Rxd1 37. Rxd1 Qc2+ 38. Kh1 bxc4 39. bxc4 Rxc4
40. Qd3 Qxd3 41. Rxd3 Rc1+ 42. Kg2 Rc2+ 43. Kf3 Rxa2 44. Rd8+ Kh7 45. Rf8 Ra3+
46. Kf2 g5 47. Rxf7 Kg6 48. Rf8 gxf4 49. Rxf4 e5 50. Rc4 a5 51. h4 a4 52. Rc7
Ra1 53. Ra7 a3 54. g4 a2 55. Kg2 e4 56. Ra5 e3 57. h5+ Kh7 58. Kf3 Rf1+ 59.
Kxe3 a1=Q 0-1

[Event "Maplewood Pro Cup"]
[Site "Montreal CAN"]
[Date "2024.05.31"]
[Round "1.21"]
[White "Genzling, Jerome"]
[Black "Morin, Richer"]
[Result "0-1"]
[WhiteElo "1989"]
[BlackElo "1568"]
[Annotator ",hugh_brodie@hotmail."]
[PlyCount "45"]
[EventDate "2024.05.31"]
[EventType "swiss"]
[EventRounds "6"]
[EventCountry "CAN"]

1. e4 e5 2. Nf3 Nc6 3. d4 exd4 4. Bc4 Nf6 5. e5 d5 6. Bb5 Ne4 7. Nxd4 Bd7 8.
Bxc6 bxc6 9. O-O Bc5 10. Bf4 Ng5 11. Be3 O-O 12. f4 Ne4 13. Nd2 Nxd2 14. Qxd2
Bxd4 15. Bxd4 Bf5 16. Qc3 Qd7 17. Rf3 Rab8 18. Raf1 h5 19. Rg3 g5 20. Rxg5+ Kh7
21. h3 Qe6 22. Rf2 h4 23. Qe1 {etc. (50).} 0-1

[Event "Maplewood Pro Cup"]
[Site "Montreal CAN"]
[Date "2024.06.01"]
[Round "2.5"]
[White "Guillemette, Hugo"]
[Black "Wang, Tianqi"]
[Result "1-0"]
[WhiteElo "2002"]
[BlackElo "2334"]
[PlyCount "69"]
[EventDate "2024.05.31"]
[EventType "swiss"]
[EventRounds "6"]
[EventCountry "CAN"]

1. e4 e6 2. d4 d5 3. Nc3 Bb4 4. e5 b6 5. a3 Bf8 6. Nf3 h6 7. Bd3 Ba6 8. O-O Ne7
9. Be3 Bxd3 10. Qxd3 Nf5 11. Ne2 Be7 12. Ng3 Nxg3 13. fxg3 O-O 14. Rf2 c5 15.
c3 Nc6 16. Raf1 cxd4 17. cxd4 f5 18. exf6 Bxf6 19. Bxh6 Re8 20. Bf4 Rc8 21. b4
Nxd4 22. Nxd4 e5 23. Be3 exd4 24. Bxd4 Bxd4 25. Qxd4 Rc4 26. Qd3 Rce4 27. Rf5
Re3 28. Qd2 R8e5 29. Qd4 Qc7 30. Qf4 Qc3 31. Rh5 Qc7 32. h4 d4 33. Rxe5 Qxe5
34. Qf7+ Kh7 35. Rf5 1-0

[Event "Maplewood Pro Cup"]
[Site "Montreal CAN"]
[Date "2024.06.01"]
[Round "2.6"]
[White "Han, Johnathan"]
[Black "Saha, Ananda"]
[Result "1/2-1/2"]
[WhiteElo "2329"]
[BlackElo "2122"]
[PlyCount "132"]
[EventDate "2024.05.31"]
[EventType "swiss"]
[EventRounds "6"]
[EventCountry "CAN"]

1. e4 e6 2. d4 d5 3. Nc3 Nf6 4. e5 Nfd7 5. f4 c5 6. Nf3 Nc6 7. Be3 a6 8. Qd2 b5
9. a3 Qb6 10. dxc5 Bxc5 11. Bxc5 Nxc5 12. b4 Nd7 13. Bd3 Bb7 14. Ne2 Rc8 15. c3
h6 16. Ned4 g5 17. fxg5 Ndxe5 18. Nxe5 Nxe5 19. g6 f5 20. O-O Nxd3 21. Qxd3 O-O
22. Qe3 Rf6 23. Qxh6 Rc7 24. Rae1 Rg7 25. Qf4 Rfxg6 26. Rf2 Bc8 27. Rfe2 Rg4
28. Qh6 R7g6 29. Qh5 Kg7 30. Kh1 Re4 31. Nf3 Qc7 32. Rxe4 dxe4 33. Nh4 Rg4 34.
h3 Rg3 35. Rd1 Qe7 36. Kh2 Rg5 37. Qe2 Qc7+ 38. Kh1 Qxc3 39. Qf2 Kf6 40. Qf4
Qe5 41. Qd2 Qc7 42. Rc1 Qd7 43. Qc3+ Ke7 44. Qxc8 Qxc8 45. Rxc8 Rg3 46. Kh2
Rxa3 47. g3 Kd6 48. Ng2 a5 49. bxa5 Rxa5 50. h4 Ra7 51. Rb8 Kc5 52. Kh3 b4 53.
h5 Kc4 54. Kh4 b3 55. h6 Kc3 56. Ne3 Ra1 57. Kg5 Rh1 58. Kg6 e5 59. h7 f4 60.
gxf4 exf4 61. Nd5+ Kc2 62. Nxf4 Rxh7 63. Kxh7 b2 64. Rc8+ Kd2 65. Rb8 Kc2 66.
Rxb2+ Kxb2 1/2-1/2

[Event "Maplewood Pro Cup"]
[Site "Montreal CAN"]
[Date "2024.06.01"]
[Round "2.7"]
[White "Lalonde, Olivier"]
[Black "Chiku-Ratte, Olivier-Kenta"]
[Result "0-1"]
[WhiteElo "1888"]
[BlackElo "2297"]
[PlyCount "82"]
[EventDate "2024.05.31"]
[EventType "swiss"]
[EventRounds "6"]
[EventCountry "CAN"]

1. e4 c5 2. Ne2 g6 3. g3 d5 4. Bg2 dxe4 5. Nbc3 Nf6 6. Nxe4 Nxe4 7. Bxe4 Bg7 8.
d3 Nd7 9. O-O O-O 10. Bg2 Ne5 11. h3 Bd7 12. Nc3 Bc6 13. Ne4 f5 14. Nc3 Bxg2
15. Kxg2 Qd7 16. Be3 Qc6+ 17. f3 Nf7 18. Kh2 Rad8 19. Qe2 Be5 20. f4 Bf6 21.
Qg2 Qxg2+ 22. Kxg2 c4 23. dxc4 Nd6 24. Rad1 Nxc4 25. Bc1 Bxc3 26. bxc3 b5 27.
Rd3 Rd6 28. Re1 Kf7 29. Be3 Re6 30. Kf2 a6 31. Rd7 Nd6 32. Bd4 Ne4+ 33. Kg2 Rc8
34. a4 b4 35. cxb4 Rxc2+ 36. Kg1 Nxg3 37. Be5 g5 38. fxg5 Ne2+ 39. Rxe2 Rxe2
40. Bd4 Rc2 41. Rd5 Re1# 0-1

[Event "Maplewood Pro Cup"]
[Site "Montreal CAN"]
[Date "2024.06.01"]
[Round "2.8"]
[White "Ouellet, Maili-Jade"]
[Black "Clyde, Jordan"]
[Result "1/2-1/2"]
[WhiteElo "2280"]
[BlackElo "2066"]
[PlyCount "146"]
[EventDate "2024.05.31"]
[EventType "swiss"]
[EventRounds "6"]
[EventCountry "CAN"]

1. d4 Nf6 2. c4 d6 3. Nc3 c6 4. e4 e5 5. Nf3 Qa5 6. Bd3 Bg4 7. Be3 Nbd7 8. h3
exd4 9. Bxd4 Qh5 10. Be2 Ne5 11. Nxe5 dxe5 12. Bxg4 Nxg4 13. Bxe5 Qxe5 14. Qxg4
Bb4 15. Rc1 h5 16. Qe2 O-O-O 17. O-O g5 18. Rfd1 Bd6 19. Qf3 Kb8 20. Kf1 g4 21.
hxg4 hxg4 22. Qxg4 Rdg8 23. Qf3 Rh2 24. Rc2 Rgxg2 25. Qxg2 Rxg2 26. Kxg2 Qh2+
27. Kf1 Be5 28. Ke2 Qh5+ 29. f3 Bf4 30. Rf1 Qc5 31. Nd1 Qd4 32. Rf2 f5 33. exf5
Qe5+ 34. Kf1 Bg3 35. Rfe2 Qxf5 36. Kg2 Be5 37. Re4 Qg6+ 38. Kf1 Qg3 39. Nf2 c5
40. Rce2 Bd4 41. Re8+ Kc7 42. Rf8 Qh4 43. b3 a6 44. f4 Bxf2 45. Rxf2 Qh1+ 46.
Ke2 Qe4+ 47. Kf1 Qh1+ 48. Ke2 Qe4+ 49. Kd2 Qd4+ 50. Ke1 Qa1+ 51. Ke2 Qxa2+ 52.
Kf1 Qb1+ 53. Kg2 Qg6+ 54. Kf1 Qd3+ 55. Kg2 Qg6+ 56. Kf1 Qb1+ 57. Ke2 Qxb3 58.
Re8 Qxc4+ 59. Kf3 Qd5+ 60. Re4 c4 61. Rfe2 b5 62. Kg4 Qg8+ 63. Kh5 c3 64. f5
Qh7+ 65. Kg5 Qg7+ 66. Kf4 Qh6+ 67. Kg4 Qc6 68. Re6 Qc4+ 69. R6e4 Qc5 70. Re5
Qc4+ 71. R5e4 Qc5 72. Re5 Qc4+ 73. R5e4 Qc5 1/2-1/2

[Event "Maplewood Pro Cup"]
[Site "Montreal CAN"]
[Date "2024.06.01"]
[Round "2.11"]
[White "Abrahams, Daniel"]
[Black "Jacquet, Stephane"]
[Result "1-0"]
[WhiteElo "2153"]
[BlackElo "1907"]
[PlyCount "65"]
[EventDate "2024.05.31"]
[EventType "swiss"]
[EventRounds "6"]
[EventCountry "CAN"]

1. c4 Nf6 2. Nf3 g6 3. g3 Bg7 4. Bg2 O-O 5. O-O d6 6. d4 Nc6 7. Nc3 e5 8. d5
Nb8 9. e4 a5 10. Rb1 Na6 11. Re1 Nc5 12. b3 Nfd7 13. a3 f5 14. b4 axb4 15. axb4
Nxe4 16. Nxe4 fxe4 17. Ng5 Nf6 18. Nxe4 Bg4 19. Qb3 Nxe4 20. Bxe4 Qf6 21. Be3
Bh6 22. Ra1 Bxe3 23. Qxe3 Bf5 24. Bg2 Rxa1 25. Rxa1 e4 26. Ra2 Qe5 27. h3 h5
28. Ra7 Rb8 29. Bf1 Kg7 30. b5 Qb2 31. c5 Qb1 32. Qc3+ Kh6 33. Ra1 1-0

[Event "Maplewood Pro Cup"]
[Site "Montreal CAN"]
[Date "2024.06.01"]
[Round "2.12"]
[White "Gao, Heye"]
[Black "Gutierrez, Renzo"]
[Result "0-1"]
[WhiteElo "1908"]
[BlackElo "2191"]
[PlyCount "104"]
[EventDate "2024.05.31"]
[EventType "swiss"]
[EventRounds "6"]
[EventCountry "CAN"]

1. e4 e5 2. Nf3 Nc6 3. Bc4 Nf6 4. d3 h6 5. Nc3 d6 6. h3 Na5 7. Bb3 Nxb3 8. axb3
c5 9. Ne2 g6 10. Ng3 Bg7 11. Be3 O-O 12. Qd2 Kh7 13. b4 b6 14. O-O a6 15. bxc5
bxc5 16. c3 Bb7 17. Nh2 Qe7 18. f4 c4 19. f5 cxd3 20. Qxd3 d5 21. exd5 Nxd5 22.
Bd2 Nf4 23. Bxf4 exf4 24. Rxf4 Rad8 25. Qc2 Be5 26. Rg4 Qc5+ 27. Kh1 g5 28.
Nhf1 f6 29. Rb4 Rf7 30. Rd1 Rxd1 31. Qxd1 Bxg3 32. Nxg3 Qf2 33. Ne4 Qxf5 34.
Qe2 Kg7 35. Qd3 Re7 36. Qd8 Rd7 37. Qe8 Bc6 38. Kh2 Qf4+ 39. Ng3 Qxg3+ 40. Kxg3
Rd3+ 41. Kh2 Bxe8 42. Rb6 Bb5 43. Rb7+ Kg6 44. Rc7 Rd7 45. Rc5 Rd6 46. c4 Bc6
47. b4 Be4 48. g4 Rd2+ 49. Kg1 Rg2+ 50. Kf1 Rb2 51. b5 axb5 52. cxb5 Rxb5 0-1

[Event "Maplewood Pro Cup"]
[Site "Montreal CAN"]
[Date "2024.06.01"]
[Round "2.13"]
[White "Duval, Mathieu"]
[Black "Lin, Leo"]
[Result "0-1"]
[WhiteElo "1872"]
[BlackElo "2011"]
[PlyCount "68"]
[EventDate "2024.05.31"]
[EventType "swiss"]
[EventRounds "6"]
[EventCountry "CAN"]

1. c4 Nf6 2. d4 g6 3. Nf3 Bg7 4. g3 O-O 5. Bg2 d5 6. O-O dxc4 7. Nbd2 c3 8.
bxc3 c5 9. Ba3 cxd4 10. cxd4 Nc6 11. e3 Qa5 12. Nc4 Qa6 13. Nfd2 Be6 14. Rc1
Rac8 15. Bb2 Nb4 16. Qb3 Nxa2 17. Bxb7 Nxc1 18. Rxc1 Rxc4 19. Nxc4 Rb8 20. Bxa6
Rxb3 21. Bc3 Nd5 22. Be1 Bh6 23. Na5 Rxe3 24. Bd2 Ra3 25. Bxh6 Rxa5 26. Bc8 Nb6
27. Bxe6 fxe6 28. Rc7 Kf7 29. Rb7 g5 30. d5 Nxd5 31. Bxg5 Ra1+ 32. Kg2 a5 33.
Bd2 a4 34. Bb4 Rb1 0-1

[Event "Maplewood Pro Cup"]
[Site "Montreal CAN"]
[Date "2024.06.01"]
[Round "2.14"]
[White "Zhong, April"]
[Black "Genzling, Jerome"]
[Result "0-1"]
[WhiteElo "1832"]
[BlackElo "1989"]
[PlyCount "106"]
[EventDate "2024.05.31"]
[EventType "swiss"]
[EventRounds "6"]
[EventCountry "CAN"]

1. e4 c5 2. Nf3 Nc6 3. Bb5 g6 4. c3 Nf6 5. d3 Bg7 6. O-O a6 7. Ba4 O-O 8. Re1
b5 9. Bc2 e5 10. d4 d6 11. d5 Ne7 12. a4 Bd7 13. Qe2 h6 14. Nbd2 Nh5 15. Nf1 c4
16. b3 Rc8 17. b4 Ra8 18. Rd1 Bg4 19. h3 Bd7 20. Kh2 f5 21. exf5 Bxf5 22. Bxf5
Rxf5 23. Qe4 Nf6 24. Qc2 Nfxd5 25. Ng3 Rf6 26. Ne4 Re6 27. Qa2 Rb8 28. axb5
axb5 29. Qa7 Nc7 30. Qa2 d5 31. Nc5 Rd6 32. Qe2 Nc6 33. Qc2 e4 34. Nd4 Nxd4 35.
cxd4 Ne6 36. Be3 Ra8 37. Rxa8 Qxa8 38. Qd2 Kh7 39. Qb2 Qb8 40. Kg1 Nxc5 41.
bxc5 Rd7 42. Rb1 Rb7 43. Qb4 Qa7 44. Kf1 Qa6 45. Ke2 Bf6 46. Qd2 b4 47. Ke1 c3
48. Qc1 Qc4 49. Bxh6 Bxd4 50. Bf8 Bxf2+ 51. Kxf2 Rf7+ 52. Kg3 Rxf8 53. c6 Qxc6
0-1

[Event "Maplewood Pro Cup"]
[Site "Montreal CAN"]
[Date "2024.06.01"]
[Round "2.15"]
[White "Marchand, Calix"]
[Black "Berube, Maximilien"]
[Result "1-0"]
[WhiteElo "1973"]
[BlackElo "1875"]
[PlyCount "65"]
[EventDate "2024.05.31"]
[EventType "swiss"]
[EventRounds "6"]
[EventCountry "CAN"]

1. e4 c6 2. d4 d5 3. Nc3 dxe4 4. Nxe4 Bf5 5. Qf3 e6 6. c3 Nd7 7. Ne2 Ngf6 8.
N2g3 Nxe4 9. Nxe4 Nf6 10. Nxf6+ Qxf6 11. Qg3 Be7 12. h4 h6 13. Qc7 O-O 14. Bf4
Rfe8 15. Qxb7 e5 16. Bxe5 Qg6 17. O-O-O Bd6 18. Bxd6 Qxd6 19. Bc4 Qf4+ 20. Rd2
Rab8 21. Qxf7+ Kh8 22. b3 a5 23. Qh5 Bg4 24. Qg6 Bf5 25. Qg3 Qe4 26. Bd3 Qe6
27. Re2 Qd7 28. Rhe1 Bxd3 29. Qxd3 Rf8 30. Qg6 Qc7 31. g3 Rg8 32. Re7 Qb6 33.
R1e6 1-0

[Event "Maplewood Pro Cup"]
[Site "Montreal CAN"]
[Date "2024.06.01"]
[Round "2.16"]
[White "Kiryakov, Marin"]
[Black "Lu, Tony"]
[Result "1-0"]
[WhiteElo "1828"]
[BlackElo "1968"]
[PlyCount "49"]
[EventDate "2024.05.31"]
[EventType "swiss"]
[EventRounds "6"]
[EventCountry "CAN"]

1. e4 e6 2. Qe2 c5 3. Nf3 Nc6 4. g3 g6 5. Bg2 Bg7 6. O-O Nge7 7. c3 O-O 8. d4
cxd4 9. cxd4 Nxd4 10. Nxd4 Bxd4 11. Rd1 Nc6 12. Nc3 a6 13. Bh6 Bg7 14. Bxg7
Kxg7 15. e5 b5 16. Bxc6 Rb8 17. Bg2 Qb6 18. Ne4 a5 19. Rd6 Qc7 20. Rad1 Rd8 21.
Qf3 Bb7 22. Qf6+ Kg8 23. Ng5 Rf8 24. Rxd7 Qc2 25. Nxf7 1-0

[Event "Maplewood Pro Cup"]
[Site "Montreal CAN"]
[Date "2024.06.01"]
[Round "2.17"]
[White "Libersan, Thierry"]
[Black "Filion, Samuel"]
[Result "1-0"]
[WhiteElo "1945"]
[BlackElo "1812"]
[PlyCount "101"]
[EventDate "2024.05.31"]
[EventType "swiss"]
[EventRounds "6"]
[EventCountry "CAN"]

1. d4 e6 2. c4 d5 3. Nc3 Nf6 4. Bg5 Be7 5. e3 h6 6. Bh4 O-O 7. Nf3 b6 8. Qc2
Bb7 9. O-O-O Nbd7 10. Rg1 dxc4 11. Bxc4 Nd5 12. Bg3 Nxc3 13. bxc3 Nf6 14. Bd3
Qc8 15. Kb2 c5 16. c4 Rd8 17. Ne5 Nd7 18. f4 Nxe5 19. dxe5 Bc6 20. Be1 Qa6 21.
Rd2 Qa4 22. Qxa4 Bxa4 23. Be4 Rxd2+ 24. Bxd2 Rc8 25. Bc3 Kf8 26. g4 Bc6 27.
Bxc6 Rxc6 28. Kc2 Rc8 29. a4 Bd8 30. Kd3 Bc7 31. Ke4 Ke7 32. h4 Rd8 33. h5 Rh8
34. f5 f6 35. Rf1 fxe5 36. Bxe5 Bxe5 37. Kxe5 exf5 38. gxf5 Rd8 39. a5 Rd3 40.
e4 Rd4 41. axb6 axb6 42. Rb1 Rxc4 43. Rxb6 Rc1 44. Rb7+ Kf8 45. Ke6 Kg8 46. e5
c4 47. Rb8+ Kh7 48. Kf7 Rh1 49. f6 gxf6 50. e6 c3 51. e7 1-0

[Event "Maplewood Pro Cup"]
[Site "Montreal CAN"]
[Date "2024.06.01"]
[Round "2.18"]
[White "Jiang, Barron Jiyu"]
[Black "Zhong, Ryan Yunhui"]
[Result "0-1"]
[WhiteElo "1807"]
[BlackElo "1934"]
[PlyCount "68"]
[EventDate "2024.05.31"]
[EventType "swiss"]
[EventRounds "6"]
[EventCountry "CAN"]

1. e4 e6 2. d4 d5 3. exd5 exd5 4. Bd3 Nc6 5. Nf3 Bd6 6. O-O Nge7 7. Nbd2 Bg4 8.
Be2 Qd7 9. c4 dxc4 10. Nxc4 O-O-O 11. Ne3 Bxf3 12. Bxf3 Nxd4 13. Bg4 f5 14. g3
c5 15. Bh3 Kb8 16. b4 Nec6 17. Nc4 Bc7 18. bxc5 Qd5 19. Nd6 Qxc5 20. Nf7 Nc2
21. Bd2 Nxa1 22. Nxh8 Qf8 23. Qc1 Nd4 24. Qxa1 Nf3+ 25. Kh1 Nxd2 26. Rc1 Ne4
27. Kg2 f4 28. Rc2 Qxh8 29. Qe1 Qe8 30. Re2 f3+ 31. Kxf3 Ng5+ 32. Kg4 Rd4+ 33.
f4 h5+ 34. Kh4 Nf3# 0-1